Haga clic en los países actuales del Imperio Otomano en un mapa - Estadísticas

Estadísticas generales
  • Esta prueba ha sido intentada 44 veces
  • La puntuación promedio es 27 de 31
Respuestas en el mapa
Las respuestas están codificadas por una escala verde-roja en el mapa de la prueba según el % correcto abajo.
 
Estadísticas de respuestas
Respuesta % Correcto
Argelia
94%
Grecia
94%
Kosovo
94%
Turquía
94%
Bosnia y Herzegovina
91%
Bulgaria
91%
Chipre
91%
Croacia
91%
Israel
91%
Libano
91%
Macedonia del Norte
91%
Serbia
91%
Túnez
91%
Arabia Saudita
88%
Egipto
88%
Jordania
88%
Kuwait
88%
Moldavia
88%
Montenegro
88%
Rumania
88%
Ucrania
88%
Albania
85%
Irak
85%
Georgia
82%
Hungría
82%
Libia
82%
Siria
82%
Eslovaquia
79%
Rusia
76%
Eritrea
73%
Sudán
73%
No se encontraron pruebas coincidentes
Distribución de puntuación
Porcentaje de gente con cada puntuación
Porcentaje por número respondido
Historial de tus puntuaciones
No has intentado esta prueba.